<?xml version="1.0" encoding="UTF-8"?><?xml-stylesheet type="text/xsl" href="static/style.xsl"?><OAI-PMH xmlns="http://www.openarchives.org/OAI/2.0/" xmlns:xsi="http://www.w3.org/2001/XMLSchema-instance" xsi:schemaLocation="http://www.openarchives.org/OAI/2.0/ http://www.openarchives.org/OAI/2.0/OAI-PMH.xsd"><responseDate>2026-06-06T05:02:35Z</responseDate><request verb="GetRecord" identifier="oai:riuma.uma.es:10630/15231" metadataPrefix="marc">https://riuma.uma.es/rest/oai/request</request><GetRecord><record><header><identifier>oai:riuma.uma.es:10630/15231</identifier><datestamp>2026-02-03T10:22:15Z</datestamp><setSpec>com_10630_1685</setSpec><setSpec>col_10630_38055</setSpec></header><metadata><record xmlns="http://www.loc.gov/MARC21/slim" xmlns:dcterms="http://purl.org/dc/terms/" xmlns:doc="http://www.lyncode.com/xoai" xmlns:xsi="http://www.w3.org/2001/XMLSchema-instance" xsi:schemaLocation="http://www.loc.gov/MARC21/slim http://www.loc.gov/standards/marcxml/schema/MARC21slim.xsd">
   <leader>00925njm 22002777a 4500</leader>
   <datafield ind2=" " ind1=" " tag="042">
      <subfield code="a">dc</subfield>
   </datafield>
   <datafield ind2=" " ind1=" " tag="720">
      <subfield code="a">Jiménez Mesa, José</subfield>
      <subfield code="e">author</subfield>
   </datafield>
   <datafield ind2=" " ind1=" " tag="260">
      <subfield code="c">2018-02-22</subfield>
   </datafield>
   <datafield ind2=" " ind1=" " tag="520">
      <subfield code="a">En los últimos años hemos asistido a un fuerte y sostenido auge de las redes sociales creadas para fomentar las relaciones personales y la compartición de información personal a través de internet. El presente trabajo de investigación teórica se centra en analizar los riesgos que un uso masivo e irrestricto de las redes sociales suponen para sus usuarios, la motivación que les lleva a tales prácticas y el nivel de conocimiento que los usuarios tienen de los riesgos asociados. Para ello se ha realizado una revisión sistemática y un meta-análisis de los estudios y trabajos realizados más representativos, tanto de estudios académicos pioneros como de otros más recientes y de instituciones gubernamentales, intentando llegar a una generalización integradora respecto a los objetivos perseguidos, para concluir finalmente que su uso indiscriminado y la publicación de datos de carácter personal suponen importantes riesgos para la privacidad, intimidad y seguridad de los usuarios, sobre todo de los menores y jóvenes.</subfield>
   </datafield>
   <datafield ind1="8" ind2=" " tag="024">
      <subfield code="a">https://hdl.handle.net/10630/15231</subfield>
   </datafield>
   <datafield tag="653" ind2=" " ind1=" ">
      <subfield code="a">Redes sociales en internet - Seguridad</subfield>
   </datafield>
   <datafield tag="653" ind2=" " ind1=" ">
      <subfield code="a">Informática - Trabajos Fin de Grado</subfield>
   </datafield>
   <datafield tag="653" ind2=" " ind1=" ">
      <subfield code="a">Grado en Ingeniería de Computadores - Trabajos Fin de Grado</subfield>
   </datafield>
   <datafield ind2="0" ind1="0" tag="245">
      <subfield code="a">Riesgos de las redes sociales informáticas</subfield>
   </datafield>
</record>
</metadata></record></GetRecord></OAI-PMH>